| 000 | 00499nam a2200181Ia 4500 | ||
|---|---|---|---|
| 005 | 20250326124938.0 | ||
| 008 | 250326s9999 xx 000 0 und d | ||
| 037 | _aTextbook | ||
| 040 |
_aFMSL _beng _cFMSL |
||
| 041 |
_aeng _2eng |
||
| 084 |
_aX:8F L5 _qFMSL |
||
| 100 |
_aOliver S _9738251 |
||
| 245 | 0 |
_aAccountant's guide to management techniques _cOliver S |
|
| 260 |
_aGreat _bGreat, Britain Gower _c1975 |
||
| 300 | _a586p | ||
| 942 |
_cTB _hX:8F L5 |
||
| 999 |
_c1275866 _d1275866 |
||